000 00335 a2200157 4500
001 178579
020 _a
040 _cMagnum
100 _aWerneck,leny
240 1 0 _aO ceu e seus misterios
_lpor
245 1 0 _aO ceu e seus misterios
362 0 _a1899
440 1 _aMelhoramentos
697 _aMAGNITO: ASTRONOMIA
942 _cBK
999 _c178579
_d178579